[Event "Hillerod Byturnering 2017 Mesterklasse"]
[Site "Hillerod"]
[Date "????.??.??"]
[Round "7"]
[White "Steenstrup, Svend"]
[Black "Christophersen, David"]
[Result "1-0"]
[WhiteElo "1900"]
[BlackElo "1778"]
[PlyCount "51"]
[EventType "tourn"]
[EventRounds "7"]
[EventCountry "DEN"]

1. d4 f5 2. c4 e6 3. Nf3 Nf6 4. Nc3 Bb4 5. Qb3 a5 6. a3 Bxc3+ 7. bxc3 O-O 8. a4
d6 9. g3 Qe8 10. Bg2 Nbd7 11. Ba3 Rb8 12. Qb5 Nb6 13. c5 Bd7 14. Qd3 Nxa4 15.
cxd6 c5 16. dxc5 Ne4 17. Ne5 Naxc5 18. Bxc5 Nxc5 19. Qc4 Rc8 20. Rxa5 Ne4 21.
Qb4 Nxc3 22. Qxb7 Qd8 23. Ra7 Rb8 24. Qxd7 Rb1+ 25. Kd2 Qg5+ 26. f4 1-0

[Event "Hillerod Byturnering 2017 Mesterklasse"]
[Site "Hillerod"]
[Date "????.??.??"]
[Round "7"]
[White "Tandrup, Michael"]
[Black "Nielsen, Kai Gylling"]
[Result "1/2-1/2"]
[WhiteElo "1906"]
[BlackElo "1815"]
[PlyCount "61"]
[EventType "tourn"]
[EventRounds "7"]
[EventCountry "DEN"]

1. c4 e5 2. g3 Nf6 3. Bg2 c6 4. d4 Bb4+ 5. Nc3 Qa5 6. dxe5 Qxe5 7. Qd3 Bxc3+ 8.
bxc3 O-O 9. Bf4 Qa5 10. Bd6 Re8 11. Nh3 Re6 12. O-O Ne8 13. Bb4 Qc7 14. Ng5 Rg6
15. Qe4 Qd8 16. Be7 Qc7 17. Ba3 Qd8 18. h4 d6 19. Qc2 h6 20. Nh3 Bxh3 21. Bxh3
Nd7 22. Rad1 Ne5 23. Bf5 Rf6 24. c5 d5 25. Bc1 Qe7 26. Be3 Nd7 27. Bxd7 Qxd7
28. c4 Nc7 29. Qc1 Re8 30. Bf4 Ne6 31. Bd6 1/2-1/2